F1 2024 Standings - Statistics

General Stats
  • This quiz has been taken 91 times
  • The average score is 22 of 24
Answer Stats
Standing Answer Points Team % Correct
1. Max Verstappen 437 RedBull Racing
100%
5. Carlos Sainz 290 Ferrari
99%
3. Charles LeClerc 356 Ferrari
99%
2. Lando Norris 374 McLaren
99%
9. Fernando Alonso 70 Aston Martin
96%
7. Lewis Hamilton 223 Mercedes
96%
4. Oscar Piastri 292 McLaren
96%
10. Pierre Gasly 42 Alpine
95%
8. Sergio Perez 152 RedBull Racing
95%
14. Esteban Ocon 23 Alpine
94%
6. George Russell 245 Mercedes
94%
13. Lance Stroll 24 Aston Martin
94%
11. Nico Hulkenberg 41 Haas
94%
12. Yuki Tsunoda 30 VCARB
92%
17. Daniel Ricciardo 12 VCARB
91%
15. Kevin Magnussen 16 Haas
90%
20. Zhou Guanyu 4 KICK Sauber
90%
16. Alexander Albon 12 Williams
88%
22. Valtteri Bottas 0 KICK Sauber
88%
21. Liam Lawson 4 VCARB
86%
23. Logan Sargeant 0 Williams
86%
18. Oliver Bearman 7 Haas/Ferrari
86%
19. Franco Colapinto 5 Williams
82%
24. Jack Doohan 0 Alpine
82%
No matching quizzes found
Score Distribution
Percent of People with Each Score
Percentile by Number Answered
Your Score History
You have not taken this quiz